000
00239 a2200097 4500
001
15569
100
_a
Gopvt of Pakistan, F D
245
_a
Pakistan Economic Sur
260
_a
_b
Finance Devision Economic Advisers
_c
090
_c
12141
_d
12141
942
_a
NUST-CAE
_c
M
_c
2383
999
_c
250642
_d
250642